01341 2200325 4500001002100000005001500021035002000036008004100056020002400097041000800121082001100129084001700140100002300157245017400180250001100354260004500365300002700410500001900437504001600456520030300472650003600775650001100811700003700822990002600859990002600885990002600911990002600937990002600963990002600989INLIS00000000000241620221114025745 a0010-0520002416221114 | | ind  a979 - 461 - 424 - 6 aind a973.92 a973.92 AMB c0 aAmbrose, Stephen E1 aCitizen Soldiers-Tentara Sukarela :bTentara Amerika Serikat Dari Pantai-Pantai Normandia Ke Bulge Sampai Menyerahnya Jerman 7 Juni 1944-7 Mei 1945 /cStephen E. Ambrose a1st Ed aJakarta :bYayasan Obor Indonesia,c2003 axxii, 652 p. ;c24 cm. aIndeks : Index aBibliografi aBuku ini mencakup pula informasi tentang strategi para Jenderal Sekutu, terutama sekali hubungan yang kadang memburuk antara Eisenhower dan Montgomery (Jenderal Inggris) dan persaingan Bradley-Patton-Hodges-Montgomery- yang cukup mengasikkan bagi pembaca untuk mengikuti gambaran-gambaran besarnya. 4aSejarah - Amerika )1944 - 1945) 4aPerang0 aA. Rahman Zainuddin (Penerjemah) a02413/MKRI-P/XII-2005 a02414/MKRI-P/XII-2005 a02413/MKRI-P/XII-2005 a02414/MKRI-P/XII-2005 a02414/MKRI-P/XII-2005 a02413/MKRI-P/XII-2005